Colomba ; La venus de Ille ; El jarrón etrusco ; Tamango / (Record no. 102460)

MARC details
000 -LEADER
campo de control de longitud fija 00768nam a2200253 i 4500
001 - NÚMERO DE CONTROL
campo de control 102460
003 - IDENTIFICADOR DE NÚMERO DE CONTROL
campo de control ES-MaACL
005 - FECHA Y HORA DE LA ÚLTIMA TRANSACCIÓN
campo de control 20250820135636.0
007 - CAMPO FIJO DE DESCRIPCIÓN FÍSICA--INFORMACIÓN GENERAL
campo de control de longitud fija t|
008 - DATOS DE LONGITUD FIJA--INFORMACIÓN GENERAL
campo de control de longitud fija 051111s1956 sp ||||1| spa d
080 ## - NÚMERO DE LA CLASIFICACIÓN DECIMAL UNIVERSAL
Número de la Clasificación Decimal Universal 821.133.1-32"18"
100 1# - ENTRADA PRINCIPAL--NOMBRE DE PERSONA
Nombre de persona Mérimée, Prosper (
Fechas asociadas al nombre 1803-1870)
9 (RLIN) 80507
245 10 - MENCIÓN DEL TÍTULO
Título Colomba ; La venus de Ille ; El jarrón etrusco ; Tamango /
Mención de responsabilidad, etc. Próspero Mérimée ; traducción y prólogo de José Mª Espinas.
246 3# - FORMA VARIANTE DEL TITULO
Título propio/Titulo breve Tamango
260 ## - PUBLICACIÓN, DISTRIBUCIÓN, ETC.
Lugar de publicación, distribución, etc. Barcelona :
Nombre del editor, distribuidor, etc. Fama,
Fecha de publicación, distribución, etc. 1956.
300 ## - DESCRIPCIÓN FÍSICA
Extensión 268 p. ;
Dimensiones 19 cm.
490 1# - MENCIÓN DE SERIE
Mención de serie Junco
700 1# - ENTRADA AGREGADA--NOMBRE PERSONAL
Nombre de persona Espinàs, Josep M.,
Fechas asociadas al nombre 1927-
9 (RLIN) 47850
740 32 - ENTRADA AGREGADA--TÍTULO RELACIONADO/ANALÍTICO NO CONTROLADO
Título relacionado o analítico no controlado La venus de Ille.
740 32 - ENTRADA AGREGADA--TÍTULO RELACIONADO/ANALÍTICO NO CONTROLADO
Título relacionado o analítico no controlado El jarrón etrusco.
830 1# - PUNTO DE ACCESO ADICIONAL DE SERIE-TÍTULO UNIFORME
Título uniforme Junco
9 (RLIN) 184641
852 4# - LOCALIZACIÓN
Ubicación ES-MaACL
Número de control de estantería C-11463
Holdings
Estatus retirado Estado de pérdida Estado de daño No para préstamo Biblioteca de origen Biblioteca actual Ubicación en estantería Fecha de adquisición Fuente de adquisición Total de préstamos Signatura topográfica completa Código de barras Visto por última vez Precio de reemplazo Tipo de ítem Koha
        Biblioteca del Ateneo de Madrid Biblioteca del Ateneo de Madrid Sala Palomar 17/01/2008     C-11463 1106956 23/02/2023 23/02/2023 Libro impreso